| 000 | 01181nam0a22002891 4500 | ||
|---|---|---|---|
| 001 | rc\4325186 | ||
| 005 | 20130416132440.0 | ||
| 021 |
_aRU _b[58-31325] |
||
| 035 | _a(NLR Aleph) 008514669 | ||
| 090 |
_a8190765 _c8190765 |
||
| 100 | _a20130416d1958 |||y0rusy50 ca | ||
| 101 | 0 | _arus | |
| 102 | _aRU | ||
| 105 | _aa z ||||| | ||
| 200 | 1 |
_aСемеро храбрецов _aУмная Эльза _e[Сказки _eДля ст. дошкольного и мл. школьного возраста] _fРис. В. Конашевича |
|
| 210 |
_aЛенинград _cДетгиз. [Ленингр. отд-ние] _d1958 |
||
| 215 |
_a16 с. _cил. _d27 |
||
| 300 | _aПеред загл. авт.: Братья Гримм | ||
| 608 |
_aСказки немецкие (д. л.) _2psbo |
||
| 700 | 1 |
_aГримм _bЯ. _gЯков |
|
| 701 | 1 |
_aГримм _bВ. К. _gВильгельм Карл |
|
| 702 | 1 |
_aКонашевич _bВ. М. _cхудожник, д-р искусствоведения _f1888-1963 _gВладимир Михайлович _3RU\NLR\AUTH\7740010 _4440 |
|
| 801 | 0 |
_aRU _bNLR _gpsbo |
|
| 801 | 1 |
_aRU _bELAR _2rusmarc |
|
| 852 |
_aNLR _j58-8/868 |
||
| 942 | _cBOOK | ||
| 980 | _aNB | ||